000 00508nam a22001937a 4500
005 20210423062900.0
008 210219b1969 ||||| |||| 00| 0 eng d
020 _a304932876
040 _cDLC
041 _aeng
080 _a821.111
_bH-15
100 _9476
_aHaggard, William
245 _aThe doubtful disciple
260 _aLondon
_bcassell
_c1969
300 _a188 p.:
650 0 _9247
_aEnglish literature
653 _aინგლისური ლიტერატურა
942 _2udc
_cBK
999 _c1550
_d1550